000
00231nam a2200097Ia 4500
001
716097
005
20250826162938.0
008
250824s9999 xx 000 0 und d
245
0
_a
SATRANÇ
_c
STEFAN ZWEIG
260
_b
EVEREST YAYINLARI
999
_c
716097
_d
716097